Lý thuyết điều khiển tự động thông thường và hiện đại Quyển 3 Hệ phi tuyến - Hệ ngẫu nhiên

Nội dung tài liệu trình bày các kiến thức cơ bản về hệ phi tuyến và ngẫu nhiên như: khái niệm, tuyến tính, động học các hệ phi tuyến, tuyến tính hoá điều hoà, tính ổn định, chất lượng, tổng hợp và hệ tuyến tính với tác động ngẫ...

Descrición completa

Gardado en:
Detalles Bibliográficos
Autor Principal: Nguyễn Thương Ngô
Formato: Libro
Idioma:Vietnamese
Publicado: H. Khoa học và Kỹ thuật 2009
Edición:In lần thứ 3, có chỉnh sửa
Những chủ đề:
Các nhãn: Engadir etiqueta
Sen Etiquetas, Sexa o primeiro en etiquetar este rexistro!
Thư viện lưu trữ: Thư viện Trường Đại học Nam Cần Thơ
LEADER 01684aam a22002418a 4500
001 NCT_8310
008 091001s2009 ||||||viesd
999 |c 420  |d 420 
020 |c 68000 
082 0 4 |2 23rd ed.  |a 629.8  |b Ng450/Q.3 
100 1 |a Nguyễn Thương Ngô 
245 1 0 |a Lý thuyết điều khiển tự động thông thường và hiện đại  |n Quyển 3  |p Hệ phi tuyến - Hệ ngẫu nhiên  |c Nguyễn Thương Ngô 
250 |a In lần thứ 3, có chỉnh sửa 
260 |a H.  |b Khoa học và Kỹ thuật  |c 2009 
300 |a 389tr.  |b hình vẽ, bảng  |c 24cm 
520 3 |a Nội dung tài liệu trình bày các kiến thức cơ bản về hệ phi tuyến và ngẫu nhiên như: khái niệm, tuyến tính, động học các hệ phi tuyến, tuyến tính hoá điều hoà, tính ổn định, chất lượng, tổng hợp và hệ tuyến tính với tác động ngẫu nhiên 
653 |a Hệ ngẫu nhiên 
655 |a Công nghệ Kỹ thuật ô tô 
942 |2 ddc  |c BK 
952 |0 0  |1 0  |2 ddc  |4 0  |6 629_800000000000000_NG450_Q_3  |7 0  |9 2292  |a 000001  |b 000001  |d 2017-10-26  |o 629.8 Ng450/Q.3  |p MD.00002  |r 2017-10-26  |v 68000.00  |w 2017-10-26  |y BK 
952 |0 0  |1 0  |2 ddc  |4 0  |6 629_800000000000000_NG450_Q_3  |7 0  |9 2293  |a 000001  |b 000001  |d 2017-10-26  |o 629.8 Ng450/Q.3  |p MD.00003  |r 2017-10-26  |v 68000.00  |w 2017-10-26  |y BK 
952 |0 0  |1 0  |2 ddc  |4 0  |6 629_800000000000000_NG450_Q_3  |7 0  |9 2294  |a 000001  |b 000001  |d 2017-10-26  |o 629.8 Ng450/Q.3  |p MD.00004  |r 2017-10-26  |v 68000.00  |w 2017-10-26  |y BK 
980 |a Thư viện Trường Đại học Nam Cần Thơ